000 00948nam a2200289Ia 4500
003 OSt
005 20221007122023.0
006 a|||||r|||| 00| 0
007 ta
008 221006b |||||||| |||| 00| 0 eng d
020 _a1574444689 (hbd)
_cRs.6550.95
024 _a17044
037 _b501, 14/02/2006, Zenith Publishers & Distributors
_cTextual
040 _aBDL
_cBDL
_beng
041 _2eng
_aeng
082 _aI23, P5;1 Carb
100 _aMaheshwari Ramesh
245 0 _aFungi: Experimental methods in biology
260 _aBoca
_bRaton Taylor & Francis
_c2005
300 _a240p.
_ccm.
490 _aMycology series; 24
500 _aIncludes bibliographical references; Appendix 223-233p.; Index 235-240p.
650 _a Fungi
_9427887
650 _aBotany
942 _hI23, P5;1 Carb
_cTEXL
_2CC
999 _c1209685
_d1209685